| 000 | 00563 a2200229 4500 | ||
|---|---|---|---|
| 001 | 200042484 | ||
| 999 |
_c200042484 _d35859 |
||
| 003 | TR-AnTOB | ||
| 005 | 20190322123005.0 | ||
| 008 | 160507b 9999tu qn0p 0 0 | ||
| 022 | _a1308-6014 | ||
| 040 | _aTR-AnTOB | ||
| 041 | _atur | ||
| 050 |
_aHG1 _b.T9 |
||
| 099 | _aJOURNAL - MALI Fİ | ||
| 130 | _aMaliye finans yazıları | ||
| 245 | 0 | _aMaliye finans yazıları | |
| 260 |
_aİstanbul: _bMaliye Finans Yazıları Yayımcılık Ltd. Şti., _c2008- |
||
| 300 |
_ac.: _c24 cm. |
||
| 310 | _aÜç ayda bir. | ||
| 942 | _cCR | ||